| 000 | 00339nam a22001337a 4500 | ||
|---|---|---|---|
| 005 | 20170726113556.0 | ||
| 008 | 170726b xxu||||| |||| 00| 0 eng d | ||
| 040 | _cPK-LaUMT | ||
| 082 |
_aZIAC 297.05 _bFIK- |
||
| 245 | _aFikro nazar(Vol 51 NO. 2)/ | ||
| 260 |
_aIslamabad: _bIdarah tehqiqat Islami, _c2013 |
||
| 300 | _a158 p. | ||
| 942 | _cBK | ||
| 999 |
_c95719 _d95719 |
||